000
00238nam a2200085Ia 4500
008
220204s9999 xx 000 0 und d
245
0
_a
Report of the study group for plantations (Coffee Rubber)
260
_a
NCL
_b
New Delhi
_c
1968
942
_c
BK
999
_c
43474
_d
43474